000
00256nam a2200109Ia 4500
008
230907s9999||||xx |||||||||||||| ||und||
082
_a
621.45,,HAU
100
_a
Hau, E.
_9
115290
245
0
_a
Wind turbines :
300
_a
xviii, 879 pages :
942
_c
BK
999
_c
598016
_d
598016